Género, masculinidades y políticas de conciliación familia-trabajo /
Збережено в:
| Автор: | |
|---|---|
| Формат: | Текст |
| Предмети: | |
| Теги: |
Додати тег
Немає тегів, Будьте першим, хто поставить тег для цього запису!
|
MARC
| LEADER | 00000 a a2200000 04500 | ||
|---|---|---|---|
| 001 | 10172 | ||
| 003 | |||
| 040 | |||
| 100 | |a Faur, Eleonor | ||
| 245 | |a Género, masculinidades y políticas de conciliación familia-trabajo / |c Eleonor Faur | ||
| 650 | |a ROL MASCULINO | ||
| 650 | |a FAMILIA | ||
| 650 | |a TRABAJO | ||
| 650 | |a LEGISLACION DEL TRABAJO | ||
| 650 | |a AMERICA LATINA | ||
| 773 | |g número 24; páginas 130-141 | ||
| 999 | |c 22777 |d 22777 | ||
